| 000 | 00621nam a2200241Ia 4500 | ||
|---|---|---|---|
| 003 | OSt | ||
| 005 | 20140405074520.0 | ||
| 008 | 140130s9999 xx 000 0 und d | ||
| 050 |
_aPZ 7 _b.R1155San 2001 |
||
| 100 | _aRader, Laura. | ||
| 245 |
_cLaura Rader. _aSanta's News Suit / |
||
| 260 |
_bScholastic Inc., _aUSA : _cc2001. |
||
| 300 |
_a36 p. : _bcol. ill. ; _c30 cm. |
||
| 440 | _v1 | ||
| 521 | _aBR | ||
| 526 | _cBR | ||
| 650 |
_aSanta Claus _xJuvenile fiction. |
||
| 650 |
_aSanta Claus _xFiction. |
||
| 650 |
_aClothing and dress _xFiction. |
||
| 942 |
_cBK _2lcc |
||
| 999 |
_c41548 _d41548 |
||